[Event "Rated Blitz game"]
[Site "?"]
[Date "2021.04.22"]
[Round "?"]
[White "Almi0791"]
[Black "magos33"]
[Result "1-0"]
[WhiteElo "2276"]
[BlackElo "2428"]
[PlyCount "137"]
[EventDate "2021.??.??"]
[EventType "blitz"]

1. e4 e5 2. Nf3 d5 3. d4 dxe4 4. Nxe5 Bd6 5. Nc4 Nf6 6. Nc3 O-O 7. Bg5 Bf5 8.
Ne3 Bg6 9. Bc4 Nbd7 10. Bb3 c6 11. Qd2 b5 12. a4 a6 13. O-O b4 14. Ne2 a5 15.
Nc4 Be7 16. Rad1 Nd5 17. Bxe7 Qxe7 18. Ng3 f5 19. Ne3 N7b6 20. Nxd5 cxd5 21.
Ne2 Bf7 22. Nf4 g5 23. Ne2 f4 24. Rc1 Nc4 25. Bxc4 dxc4 26. c3 Rad8 27. Qc2 Bd5
28. Rce1 b3 29. Qc1 Kh8 30. f3 e3 31. Kh1 Qd7 32. Ng1 Qxa4 33. Qa1 Qb5 34. Qa3
Rf7 35. Ra1 Ra8 36. Qa4 Qxa4 37. Rxa4 h6 38. Rfa1 Rfa7 39. Ne2 Kg7 40. Kg1 Kf6
41. Kf1 Ke6 42. Ng1 Kd6 43. Ke2 Be6 44. g3 Kd5 45. gxf4 gxf4 46. Nh3 Bxh3 47.
Rg1 Bd7 48. Ra3 a4 49. Rg6 Ra6 50. Rg7 R8a7 51. Re7 Be6 52. Re8 Rg7 53. Rd8+
Rd6 54. Rxd6+ Kxd6 55. Rxa4 Rg2+ 56. Kf1 Rxb2 57. Ra6+ Ke7 58. h4 Bh3+ 59. Kg1
e2 60. Kh2 e1=Q+ 61. Kxh3 Qh1+ 62. Kg4 Qg2+ 63. Kxf4 Qh2+ 64. Ke4 Re2+ 65. Kd5
Qc7 66. Rc6 Qxc6+ 67. Kxc6 Re3 68. Kc5 Rxf3 69. Kxc4 {Time forfeit} 1-0

[Event "Rated Blitz tournament xDn6AdgP"]
[Site "?"]
[Date "2021.04.22"]
[Round "?"]
[White "hanaria"]
[Black "om_gendut"]
[Result "1-0"]
[WhiteElo "2284"]
[BlackElo "2469"]
[PlyCount "163"]
[EventDate "2021.??.??"]
[EventType "blitz"]

1. e4 e5 2. Nf3 d5 3. exd5 e4 4. Ng1 Nf6 5. d4 exd3 6. Bxd3 Qxd5 7. Nf3 Bg4 8.
Nbd2 Nc6 9. O-O Be7 10. h3 Bh5 11. g4 Nxg4 12. hxg4 Bxg4 13. Be4 Qh5 14. Bxc6+
bxc6 15. Qe1 Bxf3 16. Nxf3 Qxf3 17. Qe5 Qf6 18. Qxc7 O-O 19. Bf4 Rac8 20. Qe5
Qxe5 21. Bxe5 Rfe8 22. Rfe1 Bc5 23. Bg3 f6 24. Kg2 Kf7 25. c3 Rxe1 26. Rxe1 Re8
27. Rd1 Re2 28. Rd7+ Re7 29. Rd2 Bb6 30. a4 h5 31. b4 g5 32. a5 Bc7 33. Bxc7
Rxc7 34. Rd6 Ke7 35. Rd4 Ke6 36. Re4+ Kf5 37. Rc4 Ke5 38. b5 Kd5 39. Rd4+ Kc5
40. bxc6 Rxc6 41. Rd7 a6 42. Rb7 Kd6 43. Rf7 Ke6 44. Rb7 Rxc3 45. Rb6+ Kf5 46.
Rxa6 Ra3 47. Ra8 g4 48. a6 h4 49. Ra7 g3 50. fxg3 Rxg3+ 51. Kh2 Ra3 52. Ra8 Kf4
53. a7 f5 54. Kg2 h3+ 55. Kh2 Kf3 56. Kxh3 Ra1 57. Kh2 f4 58. Rf8 Rxa7 59. Kg1
Ra1+ 60. Kh2 Rf1 61. Rg8 Ke2 62. Re8+ Kf2 63. Rf8 f3 64. Rb8 Re1 65. Rb2+ Re2
66. Rb1 Ke3+ 67. Kg3 f2 68. Kg2 Kd2 69. Rb2+ Kc3 70. Rxe2 f1=Q+ 71. Kxf1 Kd3
72. Ke1 Kd4 73. Re8 Kc5 74. Kd2 Kb6 75. Kc3 Kb7 76. Re6 Ka7 77. Kc4 Kb7 78. Kc5
Kb8 79. Re7 Kc8 80. Kc6 Kd8 81. Re6 Kc8 82. Re8# {Normal} 1-0

[Event "Rated Blitz game"]
[Site "?"]
[Date "2021.04.22"]
[Round "?"]
[White "Carlseng"]
[Black "annaly1979"]
[Result "1-0"]
[WhiteElo "2414"]
[BlackElo "2372"]
[PlyCount "109"]
[EventDate "2021.??.??"]
[EventType "blitz"]

1. e4 e5 2. Nf3 d5 3. exd5 e4 4. Qe2 f5 5. d3 Nf6 6. dxe4 fxe4 7. Bg5 Be7 8.
Bxf6 Bxf6 9. Qxe4+ Kf7 10. Qb4 Re8+ 11. Be2 a5 12. Qb3 a4 13. Qb4 Na6 14. Qf4
Kg8 15. Nc3 a3 16. Ne4 axb2 17. Nxf6+ Qxf6 18. Qxf6 gxf6 19. Rb1 Nb4 20. Kd2
Nxd5 21. Rxb2 c6 22. Bc4 Rd8 23. Rd1 Bg4 24. Rxb7 Bxf3 25. gxf3 Ra4 26. Bb3
Rd4+ 27. Kc1 Rxd1+ 28. Kxd1 Kf8 29. Bxd5 Rxd5+ 30. Ke2 Rc5 31. Kd3 Ra5 32. Rxh7
Rxa2 33. Rc7 Ra3+ 34. c3 Ra2 35. Rxc6 Kf7 36. Ke3 Kg6 37. h4 Kf5 38. h5 Ra1 39.
f4 Rh1 40. Rc5+ Kg4 41. f3+ Kg3 42. Rf5 Re1+ 43. Kd4 Rd1+ 44. Kc5 Rc1 45. c4
Kxf3 46. Rxf6 Rh1 47. h6 Ke4 48. Kd6 Rd1+ 49. Ke6 Rc1 50. h7 Rh1 51. Rf7 Kd4
52. Kf6 Kxc4 53. Kg7 Kd5 54. h8=Q Rxh8 55. Kxh8 {Normal} 1-0

[Event "Rated Blitz tournament RVXYm5TV"]
[Site "?"]
[Date "2021.04.22"]
[Round "?"]
[White "Sergeant_Fedorov"]
[Black "Akmamedov_Mergen"]
[Result "1-0"]
[WhiteElo "2508"]
[BlackElo "2243"]
[PlyCount "163"]
[EventDate "2021.??.??"]
[EventType "blitz"]

1. e4 e5 2. Nf3 d5 3. exd5 e4 4. Qe2 Nf6 5. d3 Bf5 6. Nd4 Bg6 7. Nc3 Bb4 8. Bd2
Bxc3 9. Bxc3 O-O 10. O-O-O exd3 11. cxd3 Qxd5 12. Kb1 Nc6 13. Qf3 Qd7 14. Nxc6
bxc6 15. Bxf6 gxf6 16. Qxf6 Rab8 17. h4 Bh5 18. g4 Bxg4 19. Rg1 h5 20. f3 Rb4
21. fxg4 Rxg4 22. Rxg4+ Qxg4 23. Qg5+ Qxg5 24. hxg5 Rd8 25. Bg2 c5 26. Kc2 Rd4
27. Be4 h4 28. Rh1 c4 29. Kc3 c5 30. Rxh4 cxd3 31. Kd2 Kg7 32. b3 a5 33. Rg4
Kf8 34. Bf5 Rd5 35. Bxd3 Ke7 36. Kc3 Kd6 37. g6 fxg6 38. Rxg6+ Kc7 39. Ra6 Rg5
40. Rxa5 Kb6 41. Rb5+ Kc6 42. a4 Rg1 43. Rb8 Ra1 44. Kb2 Rd1 45. Bc4 Rd2+ 46.
Ka3 Rd1 47. Rh8 Kc7 48. Rh5 Kb6 49. a5+ Kxa5 50. Rxc5+ Kb6 51. Kb4 Rh1 52. Rg5
Rh4 53. Rg6+ Kc7 54. Kc5 Rh5+ 55. Bd5 Rh2 56. Rg7+ Kb8 57. b4 Rc2+ 58. Kb6 Kc8
59. Bc6 Kd8 60. b5 Rb2 61. Kb7 Rb1 62. b6 Rb4 63. Rg8+ Ke7 64. Kc7 Kf7 65. Rd8
Ke7 66. Rd7+ Ke6 67. b7 Rb1 68. b8=Q Rxb8 69. Kxb8 Ke5 70. Kc7 Ke6 71. Rd6+ Ke5
72. Bd5 Kd4 73. Kc6 Ke5 74. Re6+ Kd4 75. Ba2 Kc3 76. Kc5 Kb2 77. Re3 Kxa2 78.
Kb4 Kb2 79. Re2+ Kc1 80. Kc3 Kd1 81. Re3 Kc1 82. Re1# {Normal} 1-0

[Event "Rated Blitz game"]
[Site "?"]
[Date "2021.04.22"]
[Round "?"]
[White "castrong"]
[Black "pasha1984"]
[Result "1-0"]
[WhiteElo "2356"]
[BlackElo "2446"]
[PlyCount "21"]
[EventDate "2021.??.??"]
[EventType "blitz"]

1. e4 e5 2. Nf3 d5 3. Nxe5 dxe4 4. d4 Bd6 5. f4 Nf6 6. Bc4 O-O 7. O-O c5 8. c3
cxd4 9. cxd4 Nc6 10. Be3 Qb6 11. Qd2 {Time forfeit} 1-0

[Event "Rated Blitz game"]
[Site "?"]
[Date "2021.04.22"]
[Round "?"]
[White "castrong"]
[Black "pasha1984"]
[Result "0-1"]
[WhiteElo "2344"]
[BlackElo "2427"]
[PlyCount "66"]
[EventDate "2021.??.??"]
[EventType "blitz"]

1. e4 e5 2. Nf3 d5 3. Nxe5 dxe4 4. d4 Bd6 5. Bf4 Nf6 6. Nc3 O-O 7. Bc4 Nbd7 8.
O-O Qe7 9. Nxd7 Bxd7 10. Qd2 c6 11. Rae1 Rfe8 12. h3 b5 13. Bb3 b4 14. Ne2 Nd5
15. Bxd5 cxd5 16. Be3 Bb5 17. Rc1 Rac8 18. Rfe1 Bxe2 19. Qxe2 Rc6 20. c4 bxc3
21. Rxc3 Rxc3 22. bxc3 Rc8 23. Rc1 Qb7 24. c4 Qa6 25. Qg4 dxc4 26. Qd7 Bf8 27.
d5 c3 28. Bd4 c2 29. g3 Ba3 30. Rxc2 Rxc2 31. Qd8+ Bf8 32. d6 Qxd6 33. Qg5 Qxd4
{Normal} 0-1

[Event "Rated Blitz game"]
[Site "?"]
[Date "2021.04.21"]
[Round "?"]
[White "IsaacSpence"]
[Black "magos33"]
[Result "1-0"]
[WhiteElo "2501"]
[BlackElo "2398"]
[PlyCount "167"]
[EventDate "2021.??.??"]
[EventType "blitz"]

1. e4 e5 2. Nf3 d5 3. exd5 e4 4. Qe2 Nf6 5. d3 Qxd5 6. Nc3 Bb4 7. dxe4 Qxe4 8.
Bd2 Qxe2+ 9. Bxe2 O-O 10. O-O-O c6 11. a3 Ba5 12. Nd4 Bb6 13. Be3 Nbd7 14. h3
Nc5 15. Rhe1 Ne6 16. Bf3 Nxd4 17. Bxd4 Bxd4 18. Rxd4 Be6 19. Ne4 Nxe4 20. Rdxe4
Rfe8 21. Bg4 Rad8 22. Bxe6 fxe6 23. Rxe6 Rxe6 24. Rxe6 Rd7 25. f4 Kf7 26. Re4
h5 27. g4 hxg4 28. hxg4 g6 29. b4 Rd5 30. Kb2 a5 31. Kb3 axb4 32. axb4 b5 33.
c4 Rd3+ 34. Kc2 Rg3 35. g5 Rf3 36. cxb5 cxb5 37. Kd2 Rb3 38. Kc2 Rf3 39. Rd4
Ke6 40. Kd2 Rb3 41. Ke2 Kf5 42. Rd5+ Kxf4 43. Rxb5 Ke4 44. Kd2 Kd4 45. Kc2 Rg3
46. Kb2 Kc4 47. Rb8 Rxg5 48. Ka3 Rg1 49. Rc8+ Kb5 50. Rc5+ Kb6 51. Kb3 g5 52.
Rf5 g4 53. Kc4 g3 54. Rf6+ Kc7 55. Kb5 g2 56. Rf7+ Kc8 57. Rg7 Kb8 58. Kb6 Kc8
59. b5 Kd8 60. Kb7 Rb1 61. Rxg2 Rxb5+ 62. Kc6 Rf5 63. Rd2+ Ke7 64. Re2+ Kf7 65.
Rd2 Rf6+ 66. Kc5 Re6 67. Kc4 Rf6 68. Rd7+ Ke6 69. Rd2 Rf4+ 70. Kc5 Rf5+ 71. Kc6
Rf4 72. Re2+ Kf5 73. Rd2 Re4 74. Kd5 Re5+ 75. Kd4 Re4+ 76. Kd3 Re8 77. Rf2+ Kg4
78. Rb2 Rd8+ 79. Kc3 Rc8+ 80. Kd3 Rd8+ 81. Ke4 Re8+ 82. Kd5 Rd8+ 83. Ke6 Rd2
84. Rxd2 {Time forfeit} 1-0

[Event "Rated Blitz game"]
[Site "?"]
[Date "2021.04.21"]
[Round "?"]
[White "Izvolite"]
[Black "annaly1979"]
[Result "0-1"]
[WhiteElo "2431"]
[BlackElo "2393"]
[PlyCount "66"]
[EventDate "2021.??.??"]
[EventType "blitz"]

1. e4 e5 2. Nf3 d5 3. exd5 e4 4. Qe2 f5 5. d3 Nf6 6. dxe4 fxe4 7. Nc3 Bb4 8.
Bd2 Bxc3 9. Bxc3 O-O 10. Nd2 Nxd5 11. Nxe4 Bf5 12. O-O-O c6 13. f3 Na6 14. g4
Bg6 15. Bg2 Nac7 16. Qc4 Qh4 17. Be5 Kh8 18. Bxc7 Nxc7 19. Ng3 Nd5 20. Qb3 b5
21. Rxd5 cxd5 22. Qxd5 Rad8 23. Qxb5 Rb8 24. Qa5 Qf6 25. Qa3 Qe5 26. Ne4 Rfc8
27. h4 a5 28. h5 Bxe4 29. fxe4 h6 30. Rd1 a4 31. c3 Qg3 32. Bf1 Qe3+ 33. Kb1
Qxe4+ {Time forfeit} 0-1

[Event "Rated Blitz game"]
[Site "?"]
[Date "2021.04.21"]
[Round "?"]
[White "ZenModeChess"]
[Black "anjaya01"]
[Result "1-0"]
[WhiteElo "2357"]
[BlackElo "2408"]
[PlyCount "115"]
[EventDate "2021.??.??"]
[EventType "blitz"]

1. e4 e5 2. Nf3 d5 3. exd5 Bd6 4. d4 e4 5. Ne5 Qe7 6. Be2 f6 7. Nc4 Nd7 8. Nc3
a6 9. O-O f5 10. f3 e3 11. Nxe3 Nh6 12. Nc4 O-O 13. Bd3 Qh4 14. Nxd6 Qxd4+ 15.
Kh1 cxd6 16. Qe2 Ne5 17. Bxh6 gxh6 18. Rad1 Qb4 19. f4 Ng4 20. h3 Nf6 21. Qe7
Bd7 22. Rf3 Rf7 23. Rg3+ Ng4 24. Qh4 Qxf4 25. hxg4 fxg4 26. Rf1 Qxf1+ 27. Bxf1
Rxf1+ 28. Kh2 Rf4 29. Ne2 Re4 30. Nc3 Rf4 31. Qe7 Rf7 32. Qxd6 h5 33. Ne4 h4
34. Nf6+ Rxf6 35. Qxf6 hxg3+ 36. Kxg3 Rf8 37. Qg5+ Kf7 38. Qe5 Re8 39. Qc7 Ke7
40. d6+ Ke6 41. Qxb7 h5 42. Qxa6 Rh8 43. Qe2+ Kxd6 44. Qd3+ Ke7 45. c4 h4+ 46.
Kh2 g3+ 47. Kg1 Rf8 48. Qa3+ Ke8 49. Qe3+ Kd8 50. b4 Re8 51. Qb6+ Kc8 52. Kf1
Rf8+ 53. Ke2 Re8+ 54. Kd2 Rf8 55. Qc5+ Kb7 56. Qxf8 Bh3 57. Qf3+ Kb6 58. gxh3 {
Time forfeit} 1-0

[Event "Rated Blitz game"]
[Site "?"]
[Date "2021.04.21"]
[Round "?"]
[White "matador1104"]
[Black "annaly1979"]
[Result "1-0"]
[WhiteElo "2460"]
[BlackElo "2412"]
[PlyCount "117"]
[EventDate "2021.??.??"]
[EventType "blitz"]

1. e4 e5 2. Nf3 d5 3. exd5 e4 4. Ng1 f5 5. c4 Nf6 6. Nc3 c6 7. dxc6 Nxc6 8. d3
Bb4 9. dxe4 Qxd1+ 10. Kxd1 Bxc3 11. bxc3 Nxe4 12. Be3 Nxc3+ 13. Kc2 Ne4 14. f3
Nf6 15. Bc5 Be6 16. Re1 Kf7 17. Nh3 h6 18. Nf4 Rhe8 19. Bd3 Rac8 20. Nxe6 Rxe6
21. Bxf5 Rxe1 22. Rxe1 Re8 23. Rxe8 Nxe8 24. Be4 Nc7 25. Bxc6 bxc6 26. Bxa7 Ke6
27. Bd4 g6 28. Kc3 Na6 29. Be3 h5 30. h4 c5 31. g4 Kd6 32. gxh5 gxh5 33. f4 Nb4
34. a3 Nc6 35. a4 Na5 36. f5 Nb7 37. Bxc5+ Nxc5 38. Kb4 Kc6 39. f6 Na6+ 40. Kc3
Nc5 41. f7 Ne6 42. Kb4 Kb6 43. a5+ Kc6 44. c5 Nf8 45. a6 Nd7 46. Ka5 Nf8 47.
Kb4 Nd7 48. Kc3 Nf8 49. Kd4 Ne6+ 50. Ke5 Nxc5 51. Kf6 Nd7+ 52. Ke7 Ne5 53. f8=Q
Ng6+ 54. Kf7 Nxf8 55. Kxf8 Kb6 56. Kg7 Kxa6 57. Kh6 Kb6 58. Kxh5 Kc6 59. Kg6 {
Normal} 1-0

[Event "Rated Blitz game"]
[Site "?"]
[Date "2021.04.21"]
[Round "?"]
[White "ElGFInfiltrado"]
[Black "pasha1984"]
[Result "0-1"]
[WhiteElo "2372"]
[BlackElo "2410"]
[PlyCount "34"]
[EventDate "2021.??.??"]
[EventType "blitz"]

1. e4 e5 2. Nf3 d5 3. exd5 e4 4. Qe2 Nf6 5. Nc3 Be7 6. Nxe4 Nxd5 7. d3 O-O 8.
Be3 Re8 9. O-O-O f5 10. Ned2 f4 11. Bd4 c5 12. Be5 Nc6 13. c4 Ndb4 14. Bxf4 Bg4
15. Kb1 Nd4 16. Qe1 Bd6 17. Be3 Nbc2 {Normal} 0-1

[Event "Rated Blitz game"]
[Site "?"]
[Date "2021.04.21"]
[Round "?"]
[White "bebeto80"]
[Black "magos33"]
[Result "1/2-1/2"]
[WhiteElo "2363"]
[BlackElo "2403"]
[PlyCount "140"]
[EventDate "2021.??.??"]
[EventType "blitz"]

1. e4 e5 2. Nf3 d5 3. d3 dxe4 4. dxe4 Qxd1+ 5. Kxd1 f6 6. c3 c6 7. Be3 Bg4 8.
Be2 Nd7 9. Nfd2 Be6 10. Bc4 Bxc4 11. Nxc4 O-O-O 12. Kc2 Bc5 13. Nbd2 Bxe3 14.
Nxe3 Nc5 15. f3 Ne7 16. Rhd1 Kc7 17. a4 a5 18. Ndc4 b6 19. b3 Ne6 20. b4 axb4
21. cxb4 Rd4 22. b5 Rhd8 23. bxc6 Rxd1 24. Rxd1 Nd4+ 25. Kb2 Kxc6 26. Nd5 Nxd5
27. exd5+ Rxd5 28. Ne3 Rc5 29. Rc1 Rxc1 30. Kxc1 Kc5 31. Kd2 g6 32. Ng4 Kb4 33.
Nxf6 Kxa4 34. Nxh7 b5 35. Nf6 Ka3 36. Kd3 b4 37. Ne4 b3 38. Nd2 b2 39. Nc4+ Kb3
40. Nxb2 Kxb2 41. Ke4 Nc2 42. h4 Ne1 43. g4 Kc3 44. h5 gxh5 45. gxh5 Nd3 46. h6
Nf4 47. Kxe5 Ng6+ 48. Kf6 Nf8 49. Ke7 Ng6+ 50. Kf7 Ne5+ 51. Kf6 Nd7+ 52. Ke7
Ne5 53. h7 Ng6+ 54. Kf6 Nh8 55. Kg7 Kd4 56. Kxh8 Ke3 57. Kg7 Kxf3 58. h8=Q Ke4
59. Qh6 Kf5 60. Qf6+ Ke4 61. Kg6 Kd5 62. Qf5+ Kd4 63. Kg5 Ke3 64. Kg4 Kd4 65.
Kf4 Kc4 66. Qe5 Kb4 67. Kf5 Kb3 68. Ke6 Kc2 69. Kd6 Kd3 70. Qe4+ Kxe4 {Normal}
1/2-1/2

[Event "Rated Blitz game"]
[Site "?"]
[Date "2021.04.21"]
[Round "?"]
[White "kambizbarati"]
[Black "anjaya01"]
[Result "0-1"]
[WhiteElo "2319"]
[BlackElo "2430"]
[PlyCount "94"]
[EventDate "2021.??.??"]
[EventType "blitz"]

1. e4 e5 2. Nf3 d5 3. exd5 Bd6 4. d3 f5 5. Bg5 Nf6 6. Be2 a6 7. O-O h6 8. Bxf6
Qxf6 9. d4 e4 10. Ne5 Nd7 11. f4 O-O 12. c3 b5 13. a4 bxa4 14. Qxa4 Nb6 15. Qd1
Kh7 16. c4 Nd7 17. Nc3 g5 18. fxg5 Qxg5 19. Qc1 Nxe5 20. dxe5 Bxe5 21. Qxg5
hxg5 22. Nxe4 Bxb2 23. Rab1 Bd4+ 24. Kh1 Kg6 25. Bd3 a5 26. Ng3 a4 27. Ne2 Be5
28. g4 a3 29. gxf5+ Kf6 30. Ng3 a2 31. Ne4+ Kg7 32. Ra1 Bxa1 33. Rxa1 Bxf5 34.
Kg2 Ra3 35. Bc2 Re8 36. Nxg5 Bxc2 37. Ne6+ Rxe6 38. dxe6 Kf6 39. Kf2 Kxe6 40.
Ke2 Bb1 41. Kd2 Rh3 42. Kc1 Rxh2 43. c5 Kd5 44. Kd1 Kxc5 45. Kc1 Kc4 46. Kd1
Kc3 47. Kc1 Rh1# {Normal} 0-1

[Event "Rated Blitz game"]
[Site "?"]
[Date "2021.04.21"]
[Round "?"]
[White "Dmitry_Gritsenko"]
[Black "King_bg03"]
[Result "0-1"]
[WhiteElo "2473"]
[BlackElo "2526"]
[PlyCount "22"]
[EventDate "2021.??.??"]
[EventType "blitz"]

1. e4 e5 2. Nf3 d5 3. Nc3 dxe4 4. Nxe5 Nf6 5. d4 Bd6 6. Bf4 Nbd7 7. Nxd7 Bxf4
8. Nxf6+ Qxf6 9. Be2 e3 10. fxe3 Bxe3 11. Nd5 Qf2# {Normal} 0-1

[Event "Rated Blitz game"]
[Site "?"]
[Date "2021.04.21"]
[Round "?"]
[White "MannySen"]
[Black "batasjon"]
[Result "0-1"]
[WhiteElo "2427"]
[BlackElo "2342"]
[PlyCount "56"]
[EventDate "2021.??.??"]
[EventType "blitz"]

1. e4 e5 2. Nf3 d5 3. exd5 e4 4. Qe2 Nf6 5. d3 Qxd5 6. Nbd2 Nc6 7. Nxe4 Be6 8.
Nxf6+ gxf6 9. Qe4 Qxe4+ 10. dxe4 Nb4 11. Bd3 O-O-O 12. Ke2 Rg8 13. Rg1 f5 14.
exf5 Bd7 15. Be3 Bg7 16. Be4 Rge8 17. Nd2 Bxb2 18. Rab1 Bc3 19. f3 Bb5+ 20. Ke1
Nxc2+ 21. Bxc2 Rxe3+ 22. Kf2 Re2+ 23. Kg3 Rdxd2 24. Be4 Bc6 25. Bxc6 bxc6 26.
a3 Bd4 27. Rgd1 Rxg2+ 28. Kf4 f6 {Normal} 0-1

[Event "Rated Blitz game"]
[Site "?"]
[Date "2021.04.21"]
[Round "?"]
[White "Schwarzf"]
[Black "magos33"]
[Result "0-1"]
[WhiteElo "2345"]
[BlackElo "2411"]
[PlyCount "70"]
[EventDate "2021.??.??"]
[EventType "blitz"]

1. e4 e5 2. Nf3 d5 3. exd5 e4 4. Qe2 Nf6 5. Nc3 Be7 6. Nxe4 Nxd5 7. d4 O-O 8.
h3 Re8 9. c4 f5 10. cxd5 fxe4 11. Ne5 Qxd5 12. Qc4 c6 13. Qc3 b5 14. a4 Be6 15.
Be2 b4 16. Qe3 c5 17. Bc4 Qd6 18. Qb3 Bf6 19. Bf4 cxd4 20. Ng4 Qxf4 21. Bxe6+
Kh8 22. Bd5 Nd7 23. Bxa8 Rxa8 24. Qd5 Nb6 25. Qb7 e3 26. O-O e2 27. Rfe1 d3 28.
a5 Rd8 29. axb6 d2 30. bxa7 dxe1=Q+ 31. Rxe1 Bd4 32. a8=Q Qf8 33. Kh2 Rxa8 34.
Rxe2 Rb8 35. Qe4 Bf6 {Time forfeit} 0-1

[Event "Rated Blitz tournament o77ZrAVS"]
[Site "?"]
[Date "2021.04.21"]
[Round "?"]
[White "AGG2020"]
[Black "Los5hermanos"]
[Result "1-0"]
[WhiteElo "2507"]
[BlackElo "2281"]
[PlyCount "53"]
[EventDate "2021.??.??"]
[EventType "blitz"]

1. e4 e5 2. Nf3 d5 3. exd5 e4 4. Qe2 Nf6 5. d3 Bb4+ 6. c3 O-O 7. dxe4 Bc5 8.
Bg5 h6 9. Bxf6 Qxf6 10. Nbd2 Bg4 11. O-O-O Nd7 12. h3 Bh5 13. e5 Qb6 14. Nc4
Qa6 15. Kb1 Rae8 16. g4 Bg6+ 17. Ka1 c6 18. dxc6 Qxc6 19. Bg2 Qa6 20. Rhe1 Nb6
21. Nd6 Qxe2 22. Rxe2 Bxd6 23. Rxd6 Re7 24. Nh4 Nc4 25. Nxg6 fxg6 26. Bd5+ Kh7
27. Bxc4 {Normal} 1-0

[Event "Rated Blitz tournament VM1UkAWf"]
[Site "?"]
[Date "2021.04.21"]
[Round "?"]
[White "JewellRoque17"]
[Black "philip_simon_din"]
[Result "1-0"]
[WhiteElo "2460"]
[BlackElo "2274"]
[PlyCount "97"]
[EventDate "2021.??.??"]
[EventType "blitz"]

1. e4 e5 2. Nf3 d5 3. d3 dxe4 4. dxe4 Qxd1+ 5. Kxd1 Nc6 6. Bd3 Bg4 7. Be3 O-O-O
8. Nbd2 f5 9. exf5 Nf6 10. Ke1 Bb4 11. Ng5 Rhe8 12. f3 e4 13. Ngxe4 Bxf5 14.
Kf2 Nd5 15. Nc4 Nxe3 16. Nxe3 Bg6 17. a3 Ba5 18. b4 Bb6 19. Rhe1 Ne5 20. Rad1
Rd4 21. Kf1 Red8 22. Ke2 Be8 23. f4 Nxd3 24. cxd3 Bb5 25. Nf2 Re8 26. Kf3 Bc6+
27. Kg3 g5 28. fxg5 Re5 29. h4 h6 30. gxh6 Rd6 31. Neg4 Rxe1 32. Rxe1 a5 33.
bxa5 Bxa5 34. h7 Bc3 35. Re7 Kd8 36. Rf7 Be8 37. Rf8 Ke7 38. h8=Q Bxh8 39. Rxh8
Ra6 40. Rh7+ Kd8 41. Nf6 Bc6 42. N2e4 Rxa3 43. Kf4 Rxd3 44. Ke5 Rd2 45. Ke6
Rd6+ 46. Nxd6 cxd6 47. Kxd6 Be8 48. Rh8 Kc8 49. Rxe8# {Normal} 1-0

[Event "Rated Blitz game"]
[Site "?"]
[Date "2021.04.21"]
[Round "?"]
[White "DerStudier"]
[Black "RiskyBlitzer"]
[Result "1-0"]
[WhiteElo "2454"]
[BlackElo "2458"]
[PlyCount "81"]
[EventDate "2021.??.??"]
[EventType "blitz"]

1. e4 e5 2. Nf3 d5 3. Nxe5 dxe4 4. d4 Bd6 5. Nc4 Nc6 6. Nc3 Nf6 7. Be2 Bb4 8.
Be3 Nd5 9. Qd2 O-O 10. a3 Bxc3 11. bxc3 f5 12. Bg5 Qe8 13. Ne3 Nb6 14. Bf4 Qe7
15. a4 g5 16. Be5 Nxe5 17. dxe5 Qxe5 18. a5 Nd7 19. a6 Nf6 20. Nc4 Qf4 21. Qxf4
gxf4 22. Ne5 bxa6 23. Bc4+ Kg7 24. O-O Re8 25. Nc6 Bd7 26. Nd4 c5 27. Nb3 e3
28. Bxa6 Ng4 29. fxe3 fxe3 30. Nxc5 Bc6 31. Rxf5 Kg6 32. Rf4 Nf6 33. Bd3+ Kg7
34. Raf1 e2 35. Re1 Re5 36. Rxe2 Rxc5 37. Re7+ Kf8 38. Rc7 Rb8 39. Rxf6+ Kg8
40. Rfxc6 Rb1+ 41. Kf2 {Normal} 1-0

[Event "Rated Blitz game"]
[Site "?"]
[Date "2021.04.21"]
[Round "?"]
[White "korbul"]
[Black "batasjon"]
[Result "1-0"]
[WhiteElo "2467"]
[BlackElo "2348"]
[PlyCount "55"]
[EventDate "2021.??.??"]
[EventType "blitz"]

1. e4 e5 2. Nf3 d5 3. exd5 e4 4. Qe2 Nf6 5. Nc3 Be7 6. Nxe4 O-O 7. d3 Re8 8.
Bd2 Nxd5 9. O-O-O f5 10. h4 Nc6 11. Bg5 fxe4 12. dxe4 Bxg5+ 13. hxg5 Nf4 14.
Qc4+ Be6 15. Rxd8 Bxc4 16. Bxc4+ Kf8 17. Rxa8 Rxa8 18. Rxh7 Re8 19. Rh8+ Ke7
20. Rxe8+ Kxe8 21. Bb5 Nxg2 22. Bxc6+ bxc6 23. Ne5 c5 24. b3 Nf4 25. Nd3 Ne6
26. f4 c4 27. bxc4 Nc5 28. Nxc5 {Normal} 1-0

[Event "Rated Blitz game"]
[Site "?"]
[Date "2021.04.21"]
[Round "?"]
[White "Slimslik02"]
[Black "pasha1984"]
[Result "0-1"]
[WhiteElo "2351"]
[BlackElo "2413"]
[PlyCount "146"]
[EventDate "2021.??.??"]
[EventType "blitz"]

1. e4 e5 2. Nf3 d5 3. exd5 e4 4. Nd4 Nf6 5. Nb3 Nxd5 6. d3 exd3 7. Bxd3 Bb4+ 8.
N1d2 Qe7+ 9. Be2 Nf4 10. Kf1 Nxe2 11. Qxe2 Qxe2+ 12. Kxe2 Nc6 13. c3 Bd6 14.
Nc4 Be7 15. Bf4 Be6 16. Ne3 O-O-O 17. Rhd1 g5 18. Bg3 f5 19. f4 h5 20. h3 h4
21. Bh2 g4 22. hxg4 fxg4 23. f5 Bf7 24. Bf4 g3 25. Rxd8+ Rxd8 26. Nd2 Bh5+ 27.
Nf3 Bf6 28. Rd1 Re8 29. Rd5 Ne7 30. Rc5 c6 31. Kd2 b6 32. Rc4 Rd8+ 33. Ke2 Re8
34. Re4 Nd5 35. Rxe8+ Bxe8 36. Ng4 Nxf4+ 37. Ke3 Nxg2+ 38. Ke4 Bd8 39. f6 Bxf6
40. Nxf6 h3 41. Ng4 h2 42. Nfxh2 gxh2 43. Nxh2 Bg6+ 44. Kf3 Ne1+ 45. Ke2 Nc2
46. Kd2 c5 47. Nf3 b5 48. Ne5 Bf5 49. Nd3 Bxd3 50. Kxd3 Ne1+ 51. Kd2 Ng2 52.
Ke2 Nf4+ 53. Kf3 Ne6 54. Ke4 Nc7 55. Ke5 Kb7 56. Ke4 c4 57. b3 Na6 58. b4 Kc6
59. a3 Nc7 60. Ke3 Nd5+ 61. Kd2 Nf4 62. Kc2 Kd5 63. Kb2 Ne6 64. Kc2 Nd4+ 65.
cxd4 Kxd4 66. a4 c3 67. a5 Kc4 68. Kc1 Kxb4 69. Kc2 Kxa5 70. Kc1 Kb6 71. Kc2 a5
72. Kc1 b4 73. Kc2 Kb5 {Time forfeit} 0-1

[Event "Rated Blitz game"]
[Site "?"]
[Date "2021.04.21"]
[Round "?"]
[White "Wernerov"]
[Black "pasha1984"]
[Result "0-1"]
[WhiteElo "2404"]
[BlackElo "2438"]
[PlyCount "66"]
[EventDate "2021.??.??"]
[EventType "blitz"]

1. e4 e5 2. Nf3 d5 3. exd5 e4 4. Ne5 Qxd5 5. d4 exd3 6. Nxd3 Bf5 7. Be2 Nc6 8.
O-O O-O-O 9. Bf3 Be4 10. Bxe4 Qxe4 11. Re1 Qf5 12. Nc3 Nf6 13. Be3 Ng4 14. h3
Nxe3 15. Rxe3 Bd6 16. a4 a6 17. Qe1 Nd4 18. Rc1 g5 19. Ne4 Bf4 20. Ng3 Qg6 21.
Ne5 Qf6 22. Nh5 Qf5 23. Nxf4 gxf4 24. Re4 Rhe8 25. f3 f6 26. Nd3 Rxe4 27. fxe4
Qg5 28. Qf2 f3 29. Rf1 Rg8 30. g4 h5 31. Qxd4 hxg4 32. h4 Qxh4 33. Qd5 Qg3+ {
Normal} 0-1

[Event "Rated Blitz game"]
[Site "?"]
[Date "2021.04.21"]
[Round "?"]
[White "Maomeno"]
[Black "anjaya01"]
[Result "0-1"]
[WhiteElo "2382"]
[BlackElo "2402"]
[PlyCount "48"]
[EventDate "2021.??.??"]
[EventType "blitz"]

1. e4 e5 2. Nf3 d5 3. exd5 Bd6 4. d4 e4 5. Nfd2 f5 6. c4 c5 7. Nb3 b6 8. Nc3
Nf6 9. g3 a6 10. Be2 O-O 11. O-O Ra7 12. dxc5 bxc5 13. Be3 Nbd7 14. Rc1 Qc7 15.
Kg2 Ne5 16. Na4 Ned7 17. f4 g6 18. Nbxc5 Nxc5 19. b4 Nd3 20. Bxd3 exd3 21. Bxa7
Qxa7 22. c5 Nxd5 23. Qxd3 Bb7 24. Rfe1 Nxf4+ {Normal} 0-1

[Event "Rated Blitz game"]
[Site "?"]
[Date "2021.04.21"]
[Round "?"]
[White "stachista"]
[Black "anjaya01"]
[Result "1-0"]
[WhiteElo "2444"]
[BlackElo "2398"]
[PlyCount "103"]
[EventDate "2021.??.??"]
[EventType "blitz"]

1. e4 e5 2. Nf3 d5 3. exd5 Bd6 4. d4 e4 5. Ne5 Nd7 6. Nc4 f5 7. Nxd6+ cxd6 8.
c4 Ngf6 9. Nc3 O-O 10. Be2 Re8 11. O-O Nf8 12. f3 e3 13. f4 Ng6 14. Rf3 Ng4 15.
h3 Nf2 16. Qf1 Ne4 17. Rxe3 Nxc3 18. Rxc3 Re4 19. Bf3 Rxd4 20. Be3 Qb6 21. Bxd4
Qxd4+ 22. Qf2 Qxf4 23. Bh5 Qxf2+ 24. Kxf2 Ne5 25. Re1 b6 26. Be8 Kf8 27. Bc6
Rb8 28. a4 a5 29. b3 f4 30. g3 g5 31. gxf4 gxf4 32. Rg1 h6 33. Rb1 Bf5 34. Rf1
Bd3 35. Rg1 Kf7 36. Bd7 Bg6 37. Be6+ Kf6 38. h4 Rb7 39. Rh3 Bh5 40. Rg8 Bd1 41.
Rd8 Bxb3 42. Rxb3 Nxc4 43. Rf8+ Ke5 44. Rh8 Nd2 45. Rd3 Ne4+ 46. Kf3 Rg7 47.
Rxh6 Rg3+ 48. Ke2 Rg2+ 49. Kf1 Rf2+ 50. Ke1 f3 51. Re3 Kd4 52. Rxe4+ {Normal}
1-0